| 000 | 00445nam a22001817a 4500 | ||
|---|---|---|---|
| 005 | 20250818113943.0 | ||
| 008 | 250818b |||||||| |||| 00| 0 eng d | ||
| 020 |
_a9780552546034 _qpbk |
||
| 041 | _aeng | ||
| 082 | _a823.914 KIN | ||
| 100 | _aKing- Smith Dick | ||
| 245 |
_aThe Crowstarver _c/ Dick King- Smith |
||
| 250 | _a1st ed | ||
| 260 |
_aLondon _bCoorgi _c1999 |
||
| 300 |
_a187P. : _c22CM |
||
| 650 | _aFiction | ||
| 942 | _cENGLISH | ||
| 999 |
_c582476 _d582476 |
||